000 00559nam a2200181Ia 4500
008 151018s9999 xx 000 0 und d
082 _bRBASDV53434
_a891.463
100 _aसुभाषिणी मधुकर कुकडे
245 _aआई
250 _b1
260 _bअभिनंदन कणकवली
_c2009
300 _a140
600 _aसुभाषिणी मधुकर कुकडे
630 _aआई
700 _aसुभाषिणी मधुकर कुकडे
730 _aआई
942 _cBOOK
999 _c1051533
_d1051530